000 00328nam a2200133Ia 4500
008 210210b1971 xxu||||| |||| 00| 0 eng d
082 _a823.914 SABC
100 _aSABATINI (Rafael).
245 _aCaptain blood.
260 _aLondon
_bMacmillan & Co. Ltd.
_c1971
300 _a132
690 _aEnglish Fiction
906 _a030526
999 _c81665
_d81665